日本の都市雇用圏ランキング - Statistics

General Stats
  • This quiz has been taken 65 times
  • The average score is 139 of 210
Answer Stats
順位 人口 地方 都市雇用圏 % Correct
1位 3563万2624人 関東 東京
98%
2位 1187万4910人 近畿 大阪
98%
3位 672万4526人 中部 名古屋
98%
4位 286万9395人 近畿 京都
98%
5位 266万7308人 九州 福岡
98%
6位 257万1898人 近畿 神戸
98%
7位 234万4025人 北海道 札幌
98%
8位 162万1242人 東北 仙台
98%
9位 151万2580人 中国 岡山
98%
10位 143万6874人 中国 広島
98%
11位 131万3494人 九州 北九州
98%
12位 125万3418人 関東 前橋
98%
14位 110万8086人 九州 熊本
98%
15位 108万2626人 関東 宇都宮
96%
36位 59万9581人 中部 長野
96%
13位 112万596人 中部 浜松
94%
17位 102万6518人 中部 新潟
94%
18位 97万1576人 中部 静岡
94%
21位 81万5592人 中部 岐阜
94%
23位 75万7303人 九州 長崎
94%
24位 74万7576人 中部 金沢
94%
26位 73万7383人 九州 大分
94%
28位 71万6629人 九州 鹿児島
94%
16位 103万4814人 中部 富山
92%
22位 80万1130人 四国 高松
92%
29位 66万3238人 中部 豊橋
92%
33位 63万338人 四国 松山
92%
42位 49万6662人 九州 宮崎
92%
48位 44万2649人 中部 松本
92%
30位 65万8421人 関東 水戸
90%
31位 63万3081人 四国 徳島
90%
41位 50万1357人 四国 高知
90%
43位 48万6631人 近畿
90%
49位 42万9434人 九州 久留米
90%
59位 32万3072人 北海道 函館
90%
19位 89万9046人 関東 つくば
88%
32位 63万2190人 中部 福井
88%
34位 61万7632人 近畿 四日市
88%
46位 45万7552人 東北 盛岡
88%
55位 36万6758人 北海道 旭川
88%
65位 28万4803人 九州 佐世保
88%
38位 55万2675人 近畿 和歌山
87%
39位 52万7382人 東北 郡山
87%
56位 34万4382人 中部 長岡
87%
93位 19万4029人 北海道 釧路
87%
25位 74万2686人 近畿 姫路
85%
37位 57万4093人 中部 甲府
85%
44位 48万4282人 中部 豊田
85%
45位 48万4003人 中部 沼津
85%
50位 42万6758人 東北 福島
85%
51位 38万3233人 東北 秋田
85%
53位 38万653人 中部 富士
85%
20位 85万1319人 九州 那覇
83%
27位 73万1686人 中国 福山
83%
40位 51万6884人 東北 山形
83%
52位 38万803人 九州 佐賀
83%
61位 30万9126人 東北 八戸
83%
57位 33万8343人 東北 いわき
81%
66位 27万6685人 中国 松江
81%
67位 27万5508人 東北 弘前
81%
81位 21万8430人 中部 上越
81%
101位 17万4167人 近畿 伊勢
81%
64位 29万5593人 東北 青森
79%
70位 25万5051人 中国 下関
79%
74位 22万8180人 九州 都城
79%
87位 20万7902人 中部 上田
79%
35位 60万2325人 関東 太田
77%
62位 30万7945人 中国 山口
77%
75位 22万5526人 中国 米子
77%
76位 22万4492人 中国 鳥取
77%
83位 21万7311人 関東 小山
77%
91位 19万5924人 九州 中津
77%
111位 15万2536人 中部 飯田
77%
127位 12万2982人 九州 唐津
77%
131位 11万9184人 東北 一関
77%
132位 11万8394人 九州 延岡
77%
138位 10万6957人 中部 高山
77%
152位 8万7446人 中部 敦賀
77%
58位 33万501人 関東 日立
75%
69位 25万7810人 北海道 帯広
75%
78位 22万2325人 九州 大牟田
75%
90位 19万8097人 北海道 苫小牧
75%
103位 17万2775人 中国 出雲
75%
114位 14万9842人 九州 八代
75%
121位 13万3456人 東北 酒田
75%
124位 12万9948人 東北 鶴岡
75%
130位 12万157人 北海道 北見
75%
47位 44万6574人 関東 熊谷
73%
97位 18万5679人 東北 石巻
73%
63位 30万3663人 中部 大垣
71%
98位 18万1866人 九州 飯塚
71%
100位 17万6606人 北海道 室蘭
71%
107位 16万1478人 中国 岩国
71%
109位 15万5549人 関東 栃木
71%
137位 10万9152人 近畿 福知山
71%
199位 3万3563人 北海道 稚内
71%
206位 2万4636人 北海道 根室
71%
77位 22万2896人 中国 宇部
69%
86位 20万8258人 東北 会津若松
69%
94位 19万3846人 中部 掛川
69%
112位 15万1672人 四国 今治
69%
120位 13万4415人 近畿 彦根
69%
126位 12万6243人 九州 鳥栖
69%
151位 8万7977人 関東 館山
69%
173位 6万4689人 東北 宮古
69%
60位 32万2453人 関東 成田
67%
72位 24万2418人 関東 那須塩原
65%
82位 21万7959人 中部 小松
65%
96位 18万6238人 東北 北上
65%
117位 14万4175人 東北 横手
65%
135位 11万5682人 近畿 豊岡
65%
146位 9万8572人 近畿 舞鶴
65%
157位 8万4165人 四国 宇和島
65%
197位 3万5759人 北海道 網走
65%
71位 24万3225人 中国 周南
63%
92位 19万5353人 東北 大崎
63%
104位 16万8855人 中国 津山
63%
113位 15万861人 近畿 長浜
62%
123位 13万2254人 九州 霧島
62%
183位 5万4420人 近畿 新宮
62%
202位 2万7282人 北海道 名寄
62%
73位 23万6522人 中国
60%
79位 22万729人 四国 新居浜
60%
110位 15万4708人 九州 鹿屋
60%
115位 14万8693人 東北 米沢
60%
198位 3万4208人 中部 熱海
60%
203位 2万7016人 北海道 留萌
60%
95位 19万3838人 中部 諏訪
58%
153位 8万7346人 北海道 岩見沢
58%
169位 7万922人 東北 新庄
58%
176位 6万2562人 中部 村上
58%
85位 20万9484人 関東 古河
56%
102位 17万3544人 近畿 伊賀
56%
105位 16万8281人 北海道 千歳
56%
128位 12万880人 東北 大仙
56%
139位 10万6278人 東北 大館
56%
144位 10万18人 九州 名護
56%
148位 9万4690人 関東 秩父
56%
158位 8万3849人 中部 伊東
56%
159位 8万2897人 九州 天草
56%
168位 7万1639人 九州 伊万里
56%
177位 6万1694人 東北 むつ
56%
205位 2万5864人 北海道 富良野
56%
54位 37万9758人 九州 沖縄
54%
80位 22万601人 中国 東広島
54%
99位 17万7642人 中部 佐久
54%
118位 14万136人 九州 薩摩川内
54%
125位 12万8472人 東北 奥州
54%
134位 11万6228人 関東 佐野
54%
147位 9万8142人 東北 由利本荘
54%
165位 7万6958人 関東 沼田
54%
167位 7万4695人 東北 能代
54%
171位 6万6851人 九州 佐伯
54%
185位 5万1878人 中国 益田
54%
189位 4万7637人 九州 石垣
54%
193位 4万3082人 東北 釜石
54%
194位 4万765人 中部 糸魚川
54%
89位 20万4989人 中部 三条
52%
129位 12万871人 近畿 田辺
52%
160位 8万2754人 四国 四国中央
52%
161位 8万1834人 九州 日向
52%
172位 6万6840人 中部 七尾
52%
188位 4万7681人 中国
52%
68位 26万1667人 関東 神栖
50%
116位 14万4806人 東北 白河
50%
143位 10万274人 関東 館林
50%
145位 9万9193人 中国 倉吉
50%
166位 7万5799人 北海道 滝川
50%
136位 11万156人 中部
48%
150位 9万573人 中国 三原
48%
156位 8万5381人 東北 十和田
48%
170位 6万7860人 四国 四万十
48%
174位 6万4556人 九州 日田
48%
154位 8万5906人 中部 柏崎
46%
186位 5万848人 九州 日南
46%
108位 15万6093人 中部 御殿場
44%
140位 10万4080人 東北 五所川原
44%
141位 10万1925人 中部 島田
44%
178位 5万9771人 近畿 赤穂
44%
184位 5万2931人 九州 宮古島
44%
187位 4万8571人 九州 奄美
44%
201位 2万7811人 九州 水俣
44%
208位 2万1215人 北海道 紋別
44%
122位 13万3310人 関東 本庄
42%
155位 8万5668人 九州 島原
40%
162位 8万549人 九州 人吉
40%
192位 4万4176人 東北 白石
40%
133位 11万7958人 九州 田川
38%
175位 6万4292人 九州 玉名
38%
196位 3万9152人 東北 三沢
38%
209位 2万784人 北海道 士別
38%
84位 21万4834人 近畿 東近江
37%
119位 13万9875人 関東 筑西
37%
149位 9万3893人 中部 富士吉田
37%
164位 7万9538人 中部 蒲郡
37%
142位 10万1775人 東北 南相馬
35%
180位 5万8809人 中部 十日町
35%
106位 16万3782人 近畿 甲賀
33%
88位 20万5701人 中部 可児
31%
163位 7万9864人 九州 朝倉
31%
207位 2万3144人 北海道 倶知安
31%
179位 5万9538人 中国 柳井
25%
182位 5万4571人 北海道 日高
25%
195位 4万384人 四国 八幡浜
25%
191位 4万6046人 東北 長井
23%
204位 2万6826人 北海道 新ひだか
23%
200位 3万1765人 関東 瑞穂
19%
181位 5万8367人 九州 山鹿
13%
210位 1万8697人 北海道 美幌
12%
190位 4万6395人 関東 毛呂山
4%
No matching quizzes found
Score Distribution
Percent of People with Each Score
Percentile by Number Answered
Your Score History
You have not taken this quiz